| 000 | 00563nam a2200241 a 4500 | ||
|---|---|---|---|
| 001 | nice12345678 | ||
| 003 | IN_TiNIC | ||
| 005 | 20260116012221.0 | ||
| 008 | 050524s1951 oxfa grp 000 0 eng | ||
| 020 |
_a _c100 |
||
| 082 | 0 | 0 |
_a230 _bQUI |
| 100 | _aQuick, Oliver C | ||
| 245 | _aDoctines of the Creed | ||
| 260 |
_aOxford _bOxford University Press _c1951 |
||
| 300 | _a353p | ||
| 500 | _aincludes index and biblioraphy | ||
| 505 | 2 | _aIndex | |
| 650 | _aTheology | ||
| 700 | 1 | _aQuick, Oliver C | |
| 902 | _bRBA | ||
| 942 | _cBK | ||
| 999 |
_c6122 _d6122 |
||